• 首页
  • 本馆介绍
  • 公告通知
  • 最新文献
  • 馆藏检索
  • 电子资源
  • 读者导购
  • 参考咨询
  • 我的图书馆
  • 登录
  • 详细信息显示
  • 放入我的书架
  • 预约/预借图书
  • 作者相关作品
  • 分类相关作品
  • 丛书相关作品
  • 出版社相关作品

书目信息

  • 表格格式
  • 工作单格式
  • 卡片格式
题名:
公司和农户契约选择与履约机制研究
    
 
作者: 徐忠爱 著
分册:  
出版信息: 北京   中国社会科学出版社  2007
页数: 257页
开本: 24cm
丛书名: 广东商学院学术文库
单 册:
中图分类: D913.04
科图分类:
主题词: 农业企业--关系--农户--经济合同--研究 , 农业企业 , 农户 , 经济合同
电子资源:
ISBN: 978-7-5004-6287-3
000 01249oam2 2200313 45
001 1029925968
005 20100428144001.84
010    @a978-7-5004-6287-3@dCNY30.00
100    @a20100420d2007 em y0chiy50 ea
101 0  @achi
102    @aCN@b110000
105    @ay z 000yy
106    @ar
200 1  @a公司和农户契约选择与履约机制研究@AGong Si He Nong Hu Qi Yue Xuan Ze Yu Lu^ Yue Ji Zhi Yan Jiu@f徐忠爱著@FXu Zhong Ai Zhu
210    @a北京@c中国社会科学出版社@d2007
215    @a257页@d24cm
225 2  @a广东商学院学术文库
312    @a封面英文题名:On contract choice and enforcement mechanisms between the corporation and peasant household
330    @a本书通过构建一个“履约困境-契约属性-契约理论-契约选择-契约治理-契约设计与履约”的基本理论框架,解释基于何种治理机制的契约安排能有效地解决履约率低下的问题。
461  0 @12001 @a广东商学院学术文库
510 1  @aOn contract choice and enforcement mechanisms between the corporation and peasant household@zeng
606 0  @a农业企业@x关系@x农户@x经济合同@x研究
606 0  @a农业企业
606 0  @a农户
606 0  @a经济合同
690    @aD913.04@v4
701  0 @a徐忠爱@AXu Zhong Ai@f(1968~)@4著
801  0 @aCN@bTANGWEI@c20100428
905    @b0594378-82@dD913.04@e432@f5
    
    公司和农户契约选择与履约机制研究/徐忠爱著.-北京:中国社会科学出版社,2007
    257页;24cm.-(广东商学院学术文库)
    
    
    ISBN 978-7-5004-6287-3:CNY30.00
    本书通过构建一个“履约困境-契约属性-契约理论-契约选择-契约治理-契约设计与履约”的基本理论框架,解释基于何种治理机制的契约安排能有效地解决履约率低下的问题。
●
相关链接 在E读中查询图书 在五车中查询图书 在当当中查询图书 在豆瓣中查询图书


正题名:公司和农户契约选择与履约机制研究     索取号:D913.04/432         预约/预借

序号 登录号 条形码 馆藏地/架位号 状态 备注
1 0594378   205943782   第一样本阅览室/ [索取号:D913.04/432] 在馆    
2 0594379   205943791   第一借阅区/ [索取号:D913.04/432] 在馆    
3 0594380   205943808   第一借阅区/ [索取号:D913.04/432] 在馆    
4 0594381   205943817   第一借阅区/ [索取号:D913.04/432] 在馆    
5 0594382   205943826   第一借阅区/ [索取号:D913.04/432] 在馆    
唐山师范学院图书馆 欢迎您!
大连网信软件有限公司© 版权所有